Vector mechanics for engineers : (Record no. 81816)

MARC details
000 -LEADER
fixed length control field 01094nam a22003137a 4500
005 - DATE AND TIME OF LATEST TRANSACTION
control field 20170808114509.0
010 ## - LCCN (DPL NO)
LC control number ENG-109080
020 ## - INTERNATIONAL STANDARD BOOK NUMBER
International Standard Book Number 9781259029646
Terms of availability 625.00
020 ## - INTERNATIONAL STANDARD BOOK NUMBER
International Standard Book Number 1259029646
Terms of availability 625.00
020 ## - INTERNATIONAL STANDARD BOOK NUMBER
International Standard Book Number 9781259029646
Terms of availability 715.00 (AV)
035 ## - SYSTEM CONTROL NUMBER
System control number EN-92613
035 ## - SYSTEM CONTROL NUMBER
System control number B-534859-861
037 ## - SOURCE OF ACQUISITION
Source of stock number/acquisition DBAD/PUB
037 ## - SOURCE OF ACQUISITION
Source of stock number/acquisition BSB/Ven
Stock number dpl
082 ## - DEWEY DECIMAL CLASSIFICATION NUMBER
Classification number 620.1054
245 ## - TITLE STATEMENT
Title Vector mechanics for engineers :
Statement of responsibility, etc by Ferdinand P. Beer...[et al]
Remainder of title dynamics /
250 ## - EDITION STATEMENT
Edition statement 10th ed
260 ## - PUBLICATION, DISTRIBUTION, ETC. (IMPRINT)
Place of publication, distribution, etc New Delhi
Name of publisher, distributor, etc McGraw Hill Education
Date of publication, distribution, etc 2014
270 ## - ADDRESS
Address P-24, Green Park Extension
City New Delhi
Postal code 110016
300 ## - PHYSICAL DESCRIPTION
Extent Various pagings :
Dimensions 24cm(pbk)
Other physical details ill.
500 ## - GENERAL NOTE
General note Includes index
650 ## - SUBJECT ADDED ENTRY--TOPICAL TERM
Topical term or geographic name as entry element Dynamics.
650 ## - SUBJECT ADDED ENTRY--TOPICAL TERM
Topical term or geographic name as entry element Vector analysis.
650 ## - SUBJECT ADDED ENTRY--TOPICAL TERM
Topical term or geographic name as entry element Mechanics, Applied.
700 ## - ADDED ENTRY--PERSONAL NAME
Personal name Beer, Ferdinand P.
942 ## - ADDED ENTRY ELEMENTS (KOHA)
Source of classification or shelving scheme Dewey Decimal Classification
Item type English Books
Call number suffix VEC
Classification part 620.1054
Holdings
Withdrawn status Lost status Not for loan Collection code Home library Current library Date acquired Source of acquisition Cost, normal purchase price Full call number Barcode Copy number Cost, replacement price Koha item type
      Non-fiction Ashok Vihar Ashok Vihar 08/08/2017 BPPD/EN/2013-14/AV/2016-17/15.2.2017/IN502/28.2.2017/ 6.3.2017 715.00 620.1054 VEC B-664567 1 715.00 English Books
    Not For Loan Non-fiction D.B.Act.Division D.B.Act.Division 10/01/2014 DBAD/PUB 625.00 620.1054 VEC EN-92613 1 625.00 English Books
      Non-fiction Janak Puri Janak Puri 06/08/2014 BSB/IN603/27.03.2014/143/25.03.2014/29.03.2014 625.00 620.1054 VEC B-534860 1 625.00 English Books
      Non-fiction Karol Bagh Karol Bagh 06/08/2014 BSB/IN603/27.03.2014/143/25.03.2014/29.03.2014 625.00 620.1054 VEC B-534861 1 625.00 English Books
      Non-fiction Patel Nagar Patel Nagar 06/08/2014 BSB/IN603/27.03.2014/143/25.03.2014/29.03.2014 625.00 620.1054 VEC B-534859 1 625.00 English Books

© Delhi Public Library
Hit Counter
free hit counter